000 00188nam a2200073Ia 4500
008 170524s9999 xx 000 0 und d
100 _aMEENAKSHI- N
245 0 _aMARKETING MANAGEMENT
260 _bVIKAS PUB. HOUSE NEW DELHI
999 _c8128
_d8128